Charles Darwin's autobiography (Record no. 18730)

MARC details
000 -LEADER
fixed length control field 00477nam a2200169Ia 4500
003 - CONTROL NUMBER IDENTIFIER
control field IN-BaIIA
008 - FIXED-LENGTH DATA ELEMENTS--GENERAL INFORMATION
fixed length control field 211028s9999 xx 000 0 eng d
020 ## - INTERNATIONAL STANDARD BOOK NUMBER
International Standard Book Number 978-81-7480-103-6
040 ## - CATALOGING SOURCE
Transcribing agency IIA Library
080 ## - UNIVERSAL DECIMAL CLASSIFICATION NUMBER
Universal Decimal Classification number [8]:01:00
Item number CHA
245 #0 - TITLE STATEMENT
Title Charles Darwin's autobiography
Statement of responsibility, etc. edited by Francis Darwin
260 ## - PUBLICATION, DISTRIBUTION, ETC.
Place of publication, distribution, etc. New Delhi
Name of publisher, distributor, etc. Vigyan Prasar
300 ## - PHYSICAL DESCRIPTION
Extent vi, 88p.
650 ## - SUBJECT ADDED ENTRY--TOPICAL TERM
Topical term or geographic name entry element Autobiography- Charles Darwin
9 (RLIN) 35867
700 ## - ADDED ENTRY--PERSONAL NAME
Personal name Darwin, Francis, ed.
9 (RLIN) 35868
942 ## - ADDED ENTRY ELEMENTS (KOHA)
Koha item type Books
Holdings
Withdrawn status Lost status Damaged status Not for loan Home library Current library Shelving location Date acquired Source of acquisition Cost, normal purchase price Total Checkouts Full call number Barcode Date last seen Cost, replacement price Price effective from Koha item type Purchase Price
        IIA Library-Bangalore IIA Library-Bangalore General Stacks 07/06/2013 VIG 35.00   92:5/ CHA 19652 05/11/2021 35.00 07/06/2013 Books Rs. 35.00

Powered by Koha